El problema de la linfogranulomatosis maligna (Record no. 63775)
[ view plain ]
| 000 -LEADER | |
|---|---|
| campo de control de longitud fija | 00802nam a2200193 i 4500 |
| 001 - NÚMERO DE CONTROL | |
| campo de control | 63775 |
| 003 - IDENTIFICADOR DE NÚMERO DE CONTROL | |
| campo de control | ES-MaACL |
| 005 - FECHA Y HORA DE LA ÚLTIMA TRANSACCIÓN | |
| campo de control | 20230906164951.0 |
| 007 - CAMPO FIJO DE DESCRIPCIÓN FÍSICA--INFORMACIÓN GENERAL | |
| campo de control de longitud fija | t| |
| 008 - DATOS DE LONGITUD FIJA--INFORMACIÓN GENERAL | |
| campo de control de longitud fija | 031216s1950 sp ||||1| spa d |
| 100 1# - ENTRADA PRINCIPAL--NOMBRE DE PERSONA | |
| Nombre de persona | Figuera, Enrique de la. |
| 9 (RLIN) | 50749 |
| 245 13 - MENCIÓN DEL TÍTULO | |
| Título | El problema de la linfogranulomatosis maligna |
| Resto del título | : discurso pronunciado para su ingreso como académico / |
| Mención de responsabilidad, etc. | por Enrique de la Figuera ; discurso de contestación de Francisco Oliver Rubio. |
| 260 ## - PUBLICACIÓN, DISTRIBUCIÓN, ETC. | |
| Lugar de publicación, distribución, etc. | [Zaragoza : |
| Nombre del editor, distribuidor, etc. | s.n., |
| Fecha de publicación, distribución, etc. | 1950] ( |
| Fabricante | Imp. Octavio y Félez) |
| 300 ## - DESCRIPCIÓN FÍSICA | |
| Extensión | 51 p., 1 lám. : |
| Otras características físicas | il. ; |
| Dimensiones | 24 cm. |
| 500 ## - NOTA GENERAL | |
| Nota general | Precede al tit.: Real Academia de Medicina del Distrito de Zaragoza. |
| 700 1# - ENTRADA AGREGADA--NOMBRE PERSONAL | |
| Nombre de persona | Oliver Rubio, Francisco. |
| 9 (RLIN) | 86846 |
| 710 2# - ENTRADA AGREGADA--NOMBRE DE ENTIDAD CORPORATIVA | |
| Nombre de entidad corporativa o nombre de jurisdicción como elemento de entrada | Real Academia de Medicina de Zaragoza. |
| 9 (RLIN) | 6323 |
| 852 ## - LOCALIZACIÓN | |
| Ubicación | ES-MaACL |
| Número de control de estantería | 1914-F-18 |
| Sublocalización o colección | R.30025 |
| Estatus retirado | Estado de pérdida | Estado de daño | No para préstamo | Colección | Biblioteca de origen | Biblioteca actual | Ubicación en estantería | Fecha de adquisición | Fuente de adquisición | Total de préstamos | Signatura topográfica completa | Código de barras | Visto por última vez | Precio de reemplazo | Tipo de ítem Koha |
|---|---|---|---|---|---|---|---|---|---|---|---|---|---|---|---|
| Colección de folletos | Biblioteca del Ateneo de Madrid | Biblioteca del Ateneo de Madrid | Depósito folletos | 17/01/2008 | 1914-F-18 | 1066836 | 23/02/2023 | 23/02/2023 | Folleto |
